[Event "Varennes op"]
[Site "Varennes CAN"]
[Date "2018.10.07"]
[Round "4.11"]
[White "Huang, Qiuyu"]
[Black "Xu, Daniel"]
[Result "1-0"]
[WhiteElo "2267"]
[BlackElo "2108"]
[PlyCount "61"]
[EventDate "2018.10.05"]
[EventType "swiss"]
[EventRounds "5"]
[EventCountry "CAN"]

1. e4 c5 2. Nf3 d6 3. d4 cxd4 4. Nxd4 Nf6 5. Nc3 a6 6. Bg5 e6 7. f4 Be7 8. Qf3
Qc7 9. O-O-O Nbd7 10. Bd3 h6 11. Bh4 g5 12. fxg5 Ne5 13. Qe2 Nfg4 14. Nf3 Nxf3
15. gxf3 hxg5 16. Bg3 Ne5 17. h4 gxh4 18. f4 Nxd3+ 19. Qxd3 Bf6 20. e5 dxe5 21.
Ne4 Be7 22. fxe5 Bd7 23. Nd6+ Bxd6 24. exd6 Qa5 25. Qd4 Rg8 26. Bxh4 Qxa2 27.
Rhg1 Rf8 28. Qf6 Qa1+ 29. Kd2 Qa5+ 30. c3 Qd8 31. Qh6 1-0

[Event "Varennes op"]
[Site "Varennes CAN"]
[Date "2018.10.07"]
[Round "4.12"]
[White "Cazelais, Marc"]
[Black "Robichaud, Louis"]
[Result "1-0"]
[WhiteElo "2082"]
[BlackElo "2119"]
[PlyCount "45"]
[EventDate "2018.10.05"]
[EventType "swiss"]
[EventRounds "5"]
[EventCountry "CAN"]

1. e4 e5 2. Nf3 Nc6 3. Nc3 Nf6 4. d4 exd4 5. Nxd4 Bb4 6. Nxc6 bxc6 7. Bd3 d5 8.
exd5 cxd5 9. O-O O-O 10. Bg5 c6 11. Na4 Re8 12. c3 Be7 13. Re1 Be6 14. Bc2 Qd6
15. Qd3 g6 16. Qd4 Nh5 17. Bxe7 Rxe7 18. Nc5 Rae8 19. Re3 Ng7 20. Ne4 Qb8 21.
Nf6+ Kh8 22. Qh4 h5 23. Qg5 1-0

[Event "Varennes op"]
[Site "Varennes CAN"]
[Date "2018.10.07"]
[Round "4.13"]
[White "Dukic, Zachary"]
[Black "Bernatchez, Dan"]
[Result "1-0"]
[WhiteElo "2302"]
[BlackElo "1974"]
[PlyCount "35"]
[EventDate "2018.10.05"]
[EventType "swiss"]
[EventRounds "5"]
[EventCountry "CAN"]

1. e4 c5 2. Nf3 Nc6 3. d4 cxd4 4. Nxd4 Nf6 5. Nc3 e5 6. Ndb5 d6 7. Bg5 a6 8.
Na3 b5 9. Bxf6 gxf6 10. Nd5 Be6 11. Bd3 f5 12. c3 Bg7 13. Nxb5 Bxd5 14. exd5
Ne7 15. Na3 Qa5 16. Nc4 Qxd5 17. Nxd6+ Kf8 18. Bxf5 1-0

[Event "Varennes op"]
[Site "Varennes CAN"]
[Date "2018.10.07"]
[Round "4.14"]
[White "Qiao, Cindy"]
[Black "Hirschberg, Valerian"]
[Result "0-1"]
[WhiteElo "1784"]
[BlackElo "2301"]
[PlyCount "60"]
[EventDate "2018.10.05"]
[EventType "swiss"]
[EventRounds "5"]
[EventCountry "CAN"]

1. e4 c5 2. Nf3 Nc6 3. Bb5 g6 4. Bxc6 bxc6 5. O-O Bg7 6. Re1 Nh6 7. c3 O-O 8.
h3 d5 9. d3 f5 10. exd5 cxd5 11. Bg5 Re8 12. Qa4 Nf7 13. Be3 Bd7 14. Qa3 d4 15.
cxd4 cxd4 16. Bxd4 e5 17. Bc3 Bc6 18. Nbd2 Qxd3 19. Rac1 Qb5 20. b3 Rad8 21.
Qb2 Rd3 22. a4 Qd5 23. Qc2 Bb7 24. Rcd1 Rd8 25. Rc1 e4 26. Bxg7 Kxg7 27. Qc7
exf3 28. Nc4 Rd7 29. Qb8 fxg2 30. Ne5 Rxh3 0-1

[Event "Varennes op"]
[Site "Varennes CAN"]
[Date "2018.10.07"]
[Round "4.15"]
[White "Poulin, Maurice"]
[Black "Luksza, Arkadiusz"]
[Result "0-1"]
[WhiteElo "2040"]
[BlackElo "2174"]
[PlyCount "154"]
[EventDate "2018.10.05"]
[EventType "swiss"]
[EventRounds "5"]
[EventCountry "CAN"]

1. e4 c6 2. d4 d5 3. exd5 cxd5 4. Bd3 Nc6 5. c3 Nf6 6. Bf4 g6 7. Qc2 Bg7 8. Nd2
O-O 9. Ngf3 Nh5 10. Be3 Qd6 11. O-O Nf4 12. Bxf4 Qxf4 13. Rae1 Rb8 14. Re2 Be6
15. Rfe1 Rfc8 16. Qb1 b5 17. a3 a5 18. b4 a4 19. Rxe6 fxe6 20. Rxe6 Qg4 21. Qe1
Bf6 22. h3 Qf4 23. g3 Qc7 24. Nb1 Nd8 25. Re3 Nf7 26. Re6 Qd7 27. Kg2 Rc6 28.
Rxc6 Qxc6 29. Qe2 Rb6 30. h4 Qd7 31. Ne5 Nxe5 32. dxe5 Bg7 33. Qe3 Qc6 34. Qd4
Qe6 35. f4 Rb8 36. Be2 Qc6 37. Bf3 e6 38. Be2 Bf8 39. h5 Be7 40. hxg6 hxg6 41.
Bd3 Kf7 42. Bc2 Rg8 43. Nd2 Ke8 44. Nf3 g5 45. f5 g4 46. Nh2 exf5 47. Bxf5 Rg5
48. Bxg4 Qc4 49. Qf4 Qe4+ 50. Qxe4 dxe4 51. Be2 Rxe5 52. Ng4 Rd5 53. Ne3 Rg5
54. c4 bxc4 55. Nxc4 Bf6 56. Bd1 Rd5 57. Bxa4+ Kd8 58. Bc6 Rd4 59. Bb5 Rd3 60.
a4 Rb3 61. Na5 Rb2+ 62. Kf1 Bc3 63. Nc6+ Kc7 64. Ne7 Rb1+ 65. Kg2 Kd6 66. Nc6
Bxb4 67. Nxb4 Rxb4 68. Kf2 Ke5 69. Be8 Rb2+ 70. Ke3 Rb3+ 71. Kf2 Rf3+ 72. Kg2
Rf8 73. Bb5 Kd4 74. g4 Kc3 75. Kg3 e3 76. g5 Rf5 77. g6 Rxb5 0-1

[Event "Varennes op"]
[Site "Varennes CAN"]
[Date "2018.10.07"]
[Round "4.16"]
[White "Libersan, Thierry"]
[Black "Forget, Luc"]
[Result "1-0"]
[WhiteElo "2111"]
[BlackElo "1979"]
[PlyCount "79"]
[EventDate "2018.10.05"]
[EventType "swiss"]
[EventRounds "5"]
[EventCountry "CAN"]

1. d4 Nf6 2. Bf4 d5 3. e3 c5 4. c3 Nc6 5. Nd2 e6 6. Ngf3 Bd6 7. Bg3 O-O 8. Ne5
Bxe5 9. dxe5 Nd7 10. f4 f6 11. Nf3 b6 12. Bd3 Bb7 13. O-O fxe5 14. fxe5 Qe8 15.
e4 Qh5 16. exd5 exd5 17. Bb5 Kh8 18. Qxd5 Nf6 19. Qc4 Na5 20. Qh4 Qxh4 21. Bxh4
Nd5 22. Bd7 Bc6 23. e6 Bxd7 24. exd7 Nc6 25. Rfd1 Nf6 26. Rd6 Nd8 27. Rad1 Kg8
28. Ne5 Rb8 29. Nc6 Nxc6 30. Rxc6 Rbd8 31. Rc7 a6 32. Ra7 Rf7 33. Bxf6 Rxf6 34.
Rxa6 Kf7 35. Ra7 Ke7 36. Rb7 Re6 37. Rd2 Re1+ 38. Kf2 Re6 39. Re2 Rf8+ 40. Ke1
1-0

[Event "Varennes op"]
[Site "Varennes CAN"]
[Date "2018.10.07"]
[Round "5.1"]
[White "Sambuev, Bator"]
[Black "Miranda Mesa, Elier"]
[Result "1-0"]
[WhiteElo "2497"]
[BlackElo "2469"]
[PlyCount "65"]
[EventDate "2018.10.05"]
[EventType "swiss"]
[EventRounds "5"]
[EventCountry "CAN"]

1. c4 c6 2. e4 d5 3. exd5 cxd5 4. cxd5 Nf6 5. Nc3 g6 6. Bc4 Bg7 7. Nf3 O-O 8.
O-O Nbd7 9. Re1 Nb6 10. Bb3 Re8 11. Ne5 Rf8 12. Qf3 Ne8 13. d4 Nd6 14. Bf4 Bf5
15. Re2 Rc8 16. Rae1 Rc7 17. g4 Bc8 18. Qg3 Bd7 19. Nf3 Nbc8 20. Rxe7 Rxc3 21.
bxc3 Nxe7 22. Bxd6 Re8 23. c4 Nc8 24. Rxe8+ Qxe8 25. Be5 f6 26. Bf4 Qe4 27. Be3
Bf8 28. c5 Bb5 29. Nd2 Qe8 30. Qc7 b6 31. d6+ Kh8 32. Bd5 bxc5 33. dxc5 1-0

[Event "Varennes op"]
[Site "Varennes CAN"]
[Date "2018.10.07"]
[Round "5.4"]
[White "Leon Valdes, Jony Wilson"]
[Black "Lopez Linares, Lizandro"]
[Result "1-0"]
[WhiteElo "2304"]
[BlackElo "2087"]
[PlyCount "83"]
[EventDate "2018.10.05"]
[EventType "swiss"]
[EventRounds "5"]
[EventCountry "CAN"]

1. d4 d5 2. Nf3 Nf6 3. g3 Bf5 4. Bg2 e6 5. O-O h6 6. c4 c6 7. b3 Nbd7 8. Bb2
Bd6 9. Nbd2 Qe7 10. Ne5 O-O 11. a3 a5 12. e3 Rfd8 13. f4 Bh7 14. Qe2 Ne4 15.
Nxe4 dxe4 16. Nxd7 Qxd7 17. g4 f5 18. Kh1 b5 19. Rg1 bxc4 20. gxf5 exf5 21.
Qxc4+ Kh8 22. d5 cxd5 23. Qxd5 Bf8 24. Qe5 Re8 25. Qd4 Qxd4 26. Bxd4 Rab8 27.
Rac1 Rb7 28. Rc6 Rd8 29. a4 Rbd7 30. Bh3 Rxd4 31. exd4 Bg8 32. Rgc1 Rd5 33. Rc8
Bb4 34. Bf1 Rxd4 35. Bc4 Rxc4 36. bxc4 e3 37. Re8 Bc5 38. Kg2 g5 39. Kf3 g4+
40. Ke2 Kg7 41. Rxg8+ Kxg8 42. Rd1 1-0

[Event "Varennes op"]
[Site "Varennes CAN"]
[Date "2018.10.07"]
[Round "5.5"]
[White "Vera, Reynaldo"]
[Black "Huang, Qiuyu"]
[Result "1-0"]
[WhiteElo "2417"]
[BlackElo "2267"]
[PlyCount "61"]
[EventDate "2018.10.05"]
[EventType "swiss"]
[EventRounds "5"]
[EventCountry "CAN"]

1. d4 d5 2. c4 e6 3. Nf3 Nf6 4. Nc3 Nbd7 5. Bg5 Bb4 6. e3 c5 7. cxd5 exd5 8.
Be2 Qa5 9. O-O Bxc3 10. bxc3 c4 11. Nd2 O-O 12. Qc2 Re8 13. Rfc1 h6 14. Bh4 Ne4
15. Nf1 Qa3 16. f3 Nd6 17. Bg3 Nb6 18. e4 Bd7 19. Bxd6 Qxd6 20. a4 Bc6 21. a5
Nd7 22. e5 Qc7 23. f4 b6 24. Ne3 Nf8 25. Bf3 Red8 26. f5 bxa5 27. Qd2 Rab8 28.
f6 g6 29. Ng4 h5 30. Qh6 Ne6 31. Nf2 1-0

[Event "Varennes op"]
[Site "Varennes CAN"]
[Date "2018.10.07"]
[Round "5.10"]
[White "Hirschberg, Valerian"]
[Black "Dukic, Zachary"]
[Result "1/2-1/2"]
[WhiteElo "2301"]
[BlackElo "2302"]
[PlyCount "68"]
[EventDate "2018.10.05"]
[EventType "swiss"]
[EventRounds "5"]
[EventCountry "CAN"]

1. Nf3 Nf6 2. c4 g6 3. g3 Bg7 4. Bg2 O-O 5. d4 d6 6. Nc3 Nc6 7. O-O a6 8. h3
Rb8 9. e4 b5 10. cxb5 axb5 11. Re1 e6 12. Bg5 h6 13. Be3 b4 14. Ne2 Nxe4 15.
Qc1 Ne7 16. Bxh6 Bb7 17. Bxg7 Kxg7 18. Qc2 Nf6 19. Nf4 Ned5 20. Nd3 Qd7 21. Ng5
Ba6 22. Ne4 Ng8 23. Qd2 Nge7 24. h4 Bxd3 25. Qxd3 Ra8 26. Qd2 Ra5 27. h5 Rfa8
28. hxg6 Nxg6 29. b3 R8a7 30. Bf3 Qe7 31. Kg2 Nf6 32. Rh1 Nxe4 33. Qh6+ Kg8 34.
Bxe4 Qg5 1/2-1/2

[Event "Varennes op"]
[Site "Varennes CAN"]
[Date "2018.10.07"]
[Round "5.11"]
[White "Morella Cabrera, Julio Antonio"]
[Black "Libersan, Thierry"]
[Result "1-0"]
[WhiteElo "2247"]
[BlackElo "2111"]
[PlyCount "89"]
[EventDate "2018.10.05"]
[EventType "swiss"]
[EventRounds "5"]
[EventCountry "CAN"]

1. e4 c5 2. Nc3 e6 3. g3 Nc6 4. Bg2 g6 5. d3 Bg7 6. Be3 d6 7. Qd2 Rb8 8. Nge2
Nd4 9. O-O Ne7 10. Nd1 O-O 11. Nxd4 cxd4 12. Bh6 b5 13. Bxg7 Kxg7 14. c3 Qb6
15. cxd4 Qxd4 16. Rc1 Ba6 17. Rc7 Rb7 18. Rxb7 Bxb7 19. Nc3 b4 20. Ne2 Qb6 21.
h4 h6 22. Kh2 Rc8 23. h5 Rc5 24. hxg6 fxg6 25. Nf4 Bc8 26. d4 Rc4 27. Rd1 Nc6
28. Ne2 Ne7 29. b3 Rc7 30. Bf3 g5 31. Bg2 Ng6 32. f4 gxf4 33. Nxf4 Nxf4 34.
Qxf4 Rf7 35. Qg4+ Kh7 36. Rd2 Qc7 37. e5 d5 38. Qe2 Qe7 39. Rc2 Bb7 40. Bh3 Kg7
41. Qg4+ Kh7 42. Qxe6 Qf8 43. Bg2 h5 44. Qd6 Qg7 45. e6 1-0

[Event "Varennes op"]
[Site "Varennes CAN"]
[Date "2018.10.07"]
[Round "5.13"]
[White "Luksza, Arkadiusz"]
[Black "Robichaud, Louis"]
[Result "1-0"]
[WhiteElo "2174"]
[BlackElo "2119"]
[PlyCount "57"]
[EventDate "2018.10.05"]
[EventType "swiss"]
[EventRounds "5"]
[EventCountry "CAN"]

1. d4 Nf6 2. Bg5 Ne4 3. Bf4 g5 4. Bc1 h6 5. f3 Nf6 6. e4 d6 7. Nc3 Bg7 8. Be3
Nc6 9. Qd2 e5 10. Nge2 Nh5 11. O-O-O Nf4 12. dxe5 dxe5 13. Qxd8+ Nxd8 14. g3
Nxe2+ 15. Bxe2 Ne6 16. h4 Rg8 17. hxg5 hxg5 18. Bc4 Bf6 19. Rh6 Be7 20. Nd5 Bd8
21. Rdh1 c6 22. Nf6+ Bxf6 23. Rxf6 g4 24. fxg4 b5 25. Bb3 a5 26. a3 a4 27. Ba2
Ke7 28. g5 Bd7 29. Rh7 1-0

[Event "Varennes op"]
[Site "Varennes CAN"]
[Date "2018.10.07"]
[Round "5.14"]
[White "Bernatchez, Dan"]
[Black "Perez Rodriguez, Luis Manuel"]
[Result "0-1"]
[WhiteElo "1974"]
[BlackElo "2376"]
[PlyCount "42"]
[EventDate "2018.10.05"]
[EventType "swiss"]
[EventRounds "5"]
[EventCountry "CAN"]

1. d4 d5 2. Nf3 Nf6 3. g3 g6 4. Bg2 Bg7 5. c4 c6 6. b3 O-O 7. O-O a5 8. Nc3 Bf5
9. Ne5 Ne4 10. Nxe4 Bxe4 11. f3 Bf5 12. f4 Na6 13. cxd5 cxd5 14. Bb2 Nb4 15.
Qd2 f6 16. g4 Bc8 17. Nd3 Nxd3 18. Qxd3 Bxg4 19. Qb5 e6 20. e4 dxe4 21. Bxe4 f5
0-1

[Event "Varennes op"]
[Site "Varennes CAN"]
[Date "2018.10.07"]
[Round "5.15"]
[White "Xu, Daniel"]
[Black "Tremblay, Rejean"]
[Result "0-1"]
[WhiteElo "2108"]
[BlackElo "2220"]
[PlyCount "64"]
[EventDate "2018.10.05"]
[EventType "swiss"]
[EventRounds "5"]
[EventCountry "CAN"]

1. d4 Nf6 2. c4 g6 3. Nc3 Bg7 4. e4 d6 5. f3 O-O 6. Be3 Nc6 7. Qd2 a6 8. Nge2
Na5 9. b3 b5 10. Nd5 Nxd5 11. cxd5 c6 12. dxc6 Nxc6 13. Rc1 Bb7 14. h4 e5 15.
d5 Ne7 16. Bh6 f5 17. Bxg7 Kxg7 18. h5 f4 19. hxg6 Nxg6 20. g3 Qe7 21. gxf4
Nxf4 22. Ng3 Bc8 23. Qa5 Rf7 24. Bxb5 Qa7 25. Be2 Qe3 26. Qd2 Nd3+ 27. Qxd3
Qxc1+ 28. Kf2 Qc5+ 29. Kg2 Bd7 30. Qd2 Kh8 31. Nh5 Rg8+ 32. Kf1 Bh3+ 0-1

[Event "Varennes op"]
[Site "Varennes CAN"]
[Date "2018.10.07"]
[Round "5.16"]
[White "Forget, Luc"]
[Black "Tremblay, Alain"]
[Result "0-1"]
[WhiteElo "1979"]
[BlackElo "2109"]
[PlyCount "62"]
[EventDate "2018.10.05"]
[EventType "swiss"]
[EventRounds "5"]
[EventCountry "CAN"]

1. d4 Nf6 2. Nf3 d5 3. g3 g6 4. Bg2 Bg7 5. O-O O-O 6. c4 c6 7. Nc3 e6 8. Re1
Nbd7 9. cxd5 exd5 10. Bf4 Re8 11. Rc1 Nb6 12. b3 Nh5 13. Bg5 f6 14. Be3 Bf8 15.
a4 Ba3 16. Rc2 Bb4 17. Bd2 a5 18. Nb1 Bd6 19. Bc3 Bf5 20. Ra2 Nd7 21. Nbd2 Nb6
22. Nh4 Be6 23. e4 Qd7 24. f4 Bg4 25. Bf3 Bxf3 26. Qxf3 dxe4 27. Nxe4 Nd5 28.
Rae2 b6 29. Bd2 Bb4 30. Kg2 Bxd2 31. Rxd2 f5 0-1

[Event "Varennes op"]
[Site "Varennes CAN"]
[Date "2018.10.07"]
[Round "5.17"]
[White "Poulin, Maurice"]
[Black "Qiao, Cindy"]
[Result "1/2-1/2"]
[WhiteElo "2040"]
[BlackElo "1784"]
[PlyCount "72"]
[EventDate "2018.10.05"]
[EventType "swiss"]
[EventRounds "5"]
[EventCountry "CAN"]

1. e4 c5 2. Nf3 d6 3. Bb5+ Nd7 4. d4 cxd4 5. Qxd4 a6 6. Bxd7+ Bxd7 7. e5 dxe5
8. Nxe5 Be6 9. Qxd8+ Rxd8 10. b3 Nf6 11. c4 g6 12. Bb2 Bg7 13. Nc3 Nd7 14. Nxd7
Bxd7 15. Rd1 O-O 16. Ke2 b5 17. Ba1 bxc4 18. bxc4 Be6 19. Rxd8 Rxd8 20. Nd5
Bxd5 21. cxd5 Rxd5 22. Bxg7 Kxg7 23. Rc1 Rb5 24. Rc2 e6 25. Kd3 Kf6 26. a4 Rd5+
27. Kc4 a5 28. Rb2 h5 29. Re2 g5 30. Rb2 Ke5 31. Rb7 Kf6 32. Kc3 Rc5+ 33. Kd3
Rd5+ 34. Ke3 Re5+ 35. Kd3 Rd5+ 36. Ke3 Re5+ 1/2-1/2

[Event "Vendredi 2018.01.26 A"]
[Site "Montreal CAN"]
[Date "2018.01.26"]
[Round "1"]
[White "Huang, Qiuyu"]
[Black "Nunez, Omar"]
[Result "1/2-1/2"]
[WhiteElo "2213"]
[BlackElo "1974"]
[PlyCount "114"]
[EventDate "2018.01.26"]
[EventType "tourn"]
[EventRounds "3"]
[EventCountry "CAN"]

1. e4 d5 2. exd5 Qxd5 3. Nc3 Qa5 4. d4 Nf6 5. Nf3 Nc6 6. Be2 Bg4 7. h3 Bh5 8.
Bf4 O-O-O 9. g4 Bg6 10. O-O Nxd4 11. Nxd4 e5 12. Bxe5 Qxe5 13. Nc6 Rxd1 14.
Nxe5 Rxa1 15. Rxa1 Bd6 16. Nxg6 hxg6 17. Kg2 Re8 18. Bc4 Re7 19. Rd1 a6 20. a4
Be5 21. Rd3 c6 22. a5 g5 23. Na4 Nd7 24. b4 Kc7 25. c3 f6 26. Re3 Bd6 27. Rxe7
Bxe7 28. Nb2 c5 29. b5 axb5 30. Bxb5 Ne5 31. Nd1 Nc6 32. a6 bxa6 33. Bxa6 Bd6
34. Kf3 Be5 35. Ke4 Kd6 36. Ne3 Bxc3 37. Nf5+ Kc7 38. Nxg7 Ne7 39. f4 gxf4 40.
Kxf4 Kd6 41. Bc4 Ng6+ 42. Kf5 Nh4+ 43. Kf4 Ke7 44. Nf5+ Nxf5 45. Kxf5 Bd2 46.
h4 Be1 47. h5 Bc3 48. h6 Kf8 49. Kg6 Ke7 50. Bd5 Kf8 51. Kf5 Bb2 52. Kg6 Bc3
53. Bf7 Bd4 54. h7 f5 55. gxf5 Ke7 56. Bc4 Bh8 57. Bd5 Bd4 1/2-1/2

[Event "Vendredi 2018.01.26 A"]
[Site "Montreal CAN"]
[Date "2018.01.26"]
[Round "1"]
[White "Yu, Zong Yang"]
[Black "Tinica, Gabriel"]
[Result "1-0"]
[WhiteElo "2484"]
[BlackElo "1914"]
[PlyCount "41"]
[EventDate "2018.01.26"]
[EventType "tourn"]
[EventRounds "3"]
[EventCountry "CAN"]

1. d4 Nf6 2. c4 g6 3. Nc3 Bg7 4. e4 O-O 5. Nf3 d6 6. Be2 Nbd7 7. O-O e5 8. Be3
c6 9. Qc2 Qc7 10. Rad1 Re8 11. d5 cxd5 12. Nb5 Qb8 13. cxd5 Rf8 14. Nc7 b6 15.
Nxa8 Qxa8 16. Nd2 Ne8 17. Bb5 f5 18. Rc1 Nef6 19. Bc6 Bb7 20. exf5 Rc8 21. Bxb7
1-0

[Event "Vendredi 2018.01.26 A"]
[Site "Montreal CAN"]
[Date "2018.02.02"]
[Round "2"]
[White "Tinica, Gabriel"]
[Black "Nunez, Omar"]
[Result "1-0"]
[WhiteElo "1914"]
[BlackElo "1974"]
[PlyCount "59"]
[EventDate "2018.01.26"]
[EventType "tourn"]
[EventRounds "3"]
[EventCountry "CAN"]

1. d4 c5 2. d5 d6 3. e4 Nf6 4. Nc3 g6 5. Bg5 Bg7 6. h4 Na6 7. h5 Nxh5 8. Rxh5
gxh5 9. Qxh5 Bd7 10. Nge2 h6 11. Bf4 Qc8 12. f3 b5 13. e5 dxe5 14. Bxe5 Bxe5
15. Qxe5 O-O 16. Ne4 f5 17. N4g3 Qc7 18. Qc3 e5 19. O-O-O Qd6 20. f4 Rae8 21.
Nh5 Kh7 22. Neg3 Nb4 23. Kb1 Nc6 24. Bxb5 Rg8 25. Bxc6 Bxc6 26. Nxf5 Qd8 27.
fxe5 Bd7 28. Nf6+ Kg6 29. Qg3+ Kf7 30. Nxh6+ 1-0

[Event "Vendredi 2018.01.26 A"]
[Site "Montreal CAN"]
[Date "2018.02.02"]
[Round "2"]
[White "Yu, Zong Yang"]
[Black "Huang, Qiuyu"]
[Result "1-0"]
[WhiteElo "2484"]
[BlackElo "2213"]
[PlyCount "53"]
[EventDate "2018.01.26"]
[EventType "tourn"]
[EventRounds "3"]
[EventCountry "CAN"]

1. d4 d5 2. c4 e6 3. Nc3 Nf6 4. Nf3 Bb4 5. e3 O-O 6. Bd3 c5 7. O-O dxc4 8. Bxc4
Bd7 9. Qe2 Bxc3 10. bxc3 Qa5 11. Bd2 b5 12. Bd3 c4 13. Bc2 Nd5 14. e4 Ne7 15.
a4 Qb6 16. Rfb1 Rc8 17. axb5 Bxb5 18. Ng5 g6 19. Qf3 Rf8 20. Ba4 Bxa4 21. Rxb6
axb6 22. Qh3 h5 23. g4 f6 24. gxh5 fxg5 25. Qxe6+ Kh8 26. Rxa4 Rxa4 27. Qxe7
1-0

[Event "Vendredi 2018.01.26 A"]
[Site "Montreal CAN"]
[Date "2018.02.09"]
[Round "3"]
[White "Huang, Qiuyu"]
[Black "Tinica, Gabriel"]
[Result "0-1"]
[WhiteElo "2213"]
[BlackElo "1914"]
[PlyCount "138"]
[EventDate "2018.01.26"]
[EventType "tourn"]
[EventRounds "3"]
[EventCountry "CAN"]

1. e4 c5 2. Nf3 g6 3. d4 cxd4 4. Nxd4 Bg7 5. Nc3 Nc6 6. Be3 Nf6 7. Bc4 Qa5 8.
O-O O-O 9. Bb3 d6 10. h3 a6 11. a4 Bd7 12. Re1 Rfc8 13. f4 Nxd4 14. Bxd4 Bc6
15. e5 dxe5 16. fxe5 Nd5 17. Ne4 Nf4 18. Bc3 Qc7 19. Qg4 Nd5 20. Ng5 e6 21.
Bxd5 Bxd5 22. Rf1 Rf8 23. Rae1 h6 24. Ne4 Bxe4 25. Qxe4 Rad8 26. a5 Rd5 27. Rd1
Rfd8 28. Rd3 Rxd3 29. cxd3 Rd5 30. d4 b5 31. axb6 Qxb6 32. Kh1 h5 33. Qf3 Qb7
34. Qe2 Qb5 35. Qf3 Qb7 36. Ra1 Bf8 37. Qe2 Qb5 38. Qxb5 axb5 39. Ra8 Kg7 40.
Re8 Rd7 41. Rb8 Rd5 42. g3 Be7 43. Kg2 h4 44. gxh4 Bxh4 45. Kf3 Bg5 46. Rb7 Bh6
47. Ke4 Bg5 48. Bb4 Rd8 49. Rxb5 Rh8 50. Kd3 Rxh3+ 51. Kc4 Bc1 52. Be7 g5 53.
Rb8 g4 54. Bf6+ Kg6 55. b4 Bd2 56. d5 exd5+ 57. Kxd5 Rb3 58. b5 Kf5 59. b6 g3
60. Kc6 Be3 61. Rg8 Rxb6+ 62. Kc7 Rxf6 63. Rxg3 Bb6+ 64. Kd7 Kxe5 65. Ke7 Rf4
66. Rg5+ f5 67. Rg6 Bc5+ 68. Kf7 Re4 69. Rg5 Kf4 0-1

[Event "Vendredi 2018.01.26 A"]
[Site "Montreal CAN"]
[Date "2018.02.09"]
[Round "3"]
[White "Nunez, Omar"]
[Black "Yu, Zong Yang"]
[Result "0-1"]
[WhiteElo "1974"]
[BlackElo "2484"]
[PlyCount "70"]
[EventDate "2018.01.26"]
[EventType "tourn"]
[EventRounds "3"]
[EventCountry "CAN"]

1. f4 c5 2. e4 Nc6 3. Nc3 g6 4. Nf3 Bg7 5. Be2 d6 6. O-O e6 7. Qe1 Nge7 8. d3
O-O 9. Kh1 Bd7 10. Qh4 Nd4 11. Bd1 Rc8 12. Ne2 Nxf3 13. Rxf3 f5 14. Qf2 Bc6 15.
Ng3 Qd7 16. c3 b6 17. Bc2 d5 18. exd5 exd5 19. d4 cxd4 20. cxd4 Kh8 21. Bd2 Ng8
22. h3 Nf6 23. Rc3 Bb5 24. Rxc8 Rxc8 25. Rc1 Qd8 26. Bc3 a5 27. a3 Ne8 28. Nf1
Nd6 29. Nd2 Ne4 30. Nxe4 fxe4 31. Qe3 Qd6 32. Bd1 Rf8 33. Bd2 Qf6 34. Rc7 Qxd4
35. Rxg7 Qxe3 0-1

[Event "Vendredi 2018.02.16 A"]
[Site "Montreal CAN"]
[Date "2018.02.16"]
[Round "1"]
[White "Chabot, Roland"]
[Black "Yu, Zong Yang"]
[Result "0-1"]
[WhiteElo "2203"]
[BlackElo "2488"]
[PlyCount "136"]
[EventDate "2018.02.16"]
[EventType "tourn"]
[EventRounds "3"]
[EventCountry "CAN"]

1. c4 Nf6 2. Nc3 g6 3. e4 d6 4. d4 Bg7 5. Nf3 O-O 6. Be2 Na6 7. O-O e5 8. d5
Nc5 9. Qc2 a5 10. Be3 b6 11. Nd2 Nfd7 12. b3 f5 13. f3 Nf6 14. a3 fxe4 15.
Ndxe4 Ncxe4 16. Nxe4 Bf5 17. Bd3 Bxe4 18. Bxe4 Qd7 19. b4 Nxe4 20. fxe4 Rxf1+
21. Rxf1 axb4 22. axb4 Qa4 23. Qd2 Qb3 24. Rc1 Ra3 25. Bf2 h6 26. c5 Ra2 27.
Qe1 bxc5 28. bxc5 dxc5 29. Rxc5 Bf8 30. Rc1 Bd6 31. h3 Qd3 32. Qe3 Qxe3 33.
Bxe3 Ra4 34. Bxh6 Rxe4 35. Bg5 Rd4 36. Bd8 Rxd5 37. Bxc7 Bc5+ 38. Kf1 Kf7 39.
Ke2 Ke6 40. Rc4 Bd4 41. Kf3 Rb5 42. Rc6+ Kd7 43. Rc2 Rb4 44. Ba5 Ra4 45. Bd2
Kd6 46. Bc1 Kd5 47. Re2 Ra1 48. Bh6 Rf1+ 49. Kg4 Rf6 50. h4 Kc4 51. Bg5 Ra6 52.
h5 gxh5+ 53. Kxh5 Kd3 54. Rd2+ Kc3 55. Re2 Ra1 56. g4 Kd3 57. Rd2+ Kc3 58. Re2
Rg1 59. Bh4 Kd3 60. Re1 Rg2 61. g5 e4 62. Rd1+ Kc4 63. g6 e3 64. Bg5 e2 65. Rh1
Rf2 66. Rc1+ Kd3 67. Bh4 Rf1 68. Be1 Rg1 0-1

[Event "Vendredi 2018.02.16 A"]
[Site "Montreal CAN"]
[Date "2018.03.02"]
[Round "2"]
[White "Huang, Qiuyu"]
[Black "Chabot, Roland"]
[Result "1-0"]
[WhiteElo "2172"]
[BlackElo "2203"]
[PlyCount "69"]
[EventDate "2018.02.16"]
[EventType "tourn"]
[EventRounds "3"]
[EventCountry "CAN"]

1. e4 d6 2. d4 Nf6 3. Nc3 e5 4. Nf3 exd4 5. Nxd4 Be7 6. Be2 O-O 7. O-O Re8 8.
f4 c5 9. Nf3 Nc6 10. b3 a6 11. a4 Nb4 12. Bc4 Be6 13. f5 Bxc4 14. bxc4 h6 15.
Re1 Qc7 16. h3 Rad8 17. Bf4 Bf8 18. Re2 Nd7 19. Qe1 Ne5 20. Qg3 Kh7 21. Bxe5
dxe5 22. Nd5 Qd6 23. Qg4 Nc6 24. c3 Na5 25. Nd2 Rb8 26. Re3 Be7 27. Rg3 Rg8 28.
h4 Bd8 29. Rf1 Bf6 30. Nf3 Kh8 31. Ng5 Rgf8 32. Qh5 Kg8 33. Nh3 Kh8 34. Nf2
Bxh4 35. Qxh4 1-0

[Event "Vendredi 2018.02.16 A"]
[Site "Montreal CAN"]
[Date "2018.03.05"]
[Round "3"]
[White "Yu, Zong Yang"]
[Black "Huang, Qiuyu"]
[Result "1-0"]
[WhiteElo "2488"]
[BlackElo "2172"]
[PlyCount "59"]
[EventDate "2018.02.16"]
[EventType "tourn"]
[EventRounds "3"]
[EventCountry "CAN"]

1. Nf3 d5 2. c4 e6 3. b3 Nf6 4. Bb2 Be7 5. e3 O-O 6. Nc3 c5 7. cxd5 exd5 8. d4
b6 9. Be2 Bb7 10. O-O a6 11. Rc1 Nbd7 12. Bd3 Rc8 13. Qe2 b5 14. dxc5 Nxc5 15.
Bf5 Rc7 16. Qc2 Bd6 17. Qb1 Re8 18. Rfd1 Qe7 19. Ne2 Nce4 20. Rxc7 Bxc7 21. Bd4
Nd7 22. Qb2 f6 23. Nf4 Qd6 24. g3 a5 25. h4 b4 26. Qe2 Bc6 27. Nd2 Ne5 28. Nxe4
dxe4 29. Bxe5 Qxe5 30. Qc4+ 1-0

[Event "Vendredi 2018.03.23 A"]
[Site "Montreal CAN"]
[Date "2018.03.23"]
[Round "1"]
[White "McDonough, Jonathan"]
[Black "Tinica, Gabriel"]
[Result "1-0"]
[WhiteElo "2190"]
[BlackElo "1960"]
[PlyCount "81"]
[EventDate "2018.03.23"]
[EventType "tourn"]
[EventRounds "3"]
[EventCountry "CAN"]

1. d4 Nf6 2. c4 g6 3. Nc3 Bg7 4. Nf3 O-O 5. Bf4 d6 6. e3 Nbd7 7. Be2 Re8 8. O-O
h6 9. h3 Nh7 10. Bh2 e5 11. dxe5 dxe5 12. Qc2 c6 13. Rfd1 Qe7 14. Ne4 Nc5 15.
Nd6 Rd8 16. Nxc8 Raxc8 17. Rxd8+ Rxd8 18. Rd1 Rxd1+ 19. Qxd1 Nf8 20. b4 Ne4 21.
Qc2 f5 22. c5 Kh7 23. Bc4 Nd7 24. Bb3 Nef6 25. Qc4 e4 26. Bd6 Qe8 27. Nd4 Nd5
28. b5 N7f6 29. bxc6 bxc6 30. g3 f4 31. gxf4 Qd7 32. Kh2 Ne8 33. Be5 Bxe5 34.
fxe5 Qf7 35. Qe2 Qe7 36. Nxc6 Qxc5 37. Qc4 Qf8 38. Kg1 Nec7 39. Qxe4 Qc5 40.
Nd4 Nc3 41. Qf4 1-0

[Event "Vendredi 2018.03.23 A"]
[Site "Montreal CAN"]
[Date "2018.03.30"]
[Round "2"]
[White "Cardona, Misael"]
[Black "McDonough, Jonathan"]
[Result "0-1"]
[WhiteElo "2198"]
[BlackElo "2190"]
[PlyCount "59"]
[EventDate "2018.03.23"]
[EventType "tourn"]
[EventRounds "3"]
[EventCountry "CAN"]

1. e4 e6 2. d4 d5 3. Nd2 Nf6 4. e5 Nfd7 5. f4 c5 6. c3 cxd4 7. cxd4 Nc6 8. Ndf3
Qb6 9. g3 Bb4+ 10. Kf2 g5 11. Ne2 g4 12. Ne1 f6 13. Be3 fxe5 14. fxe5 Rf8+ 15.
Nf4 Bxe1+ 16. Kxe1 Ndxe5 17. Be2 Bd7 18. Qb3 Nxd4 19. Qxb6 Nef3+ 20. Kd1 axb6
21. Bd3 Ba4+ 22. b3 Bxb3+ 23. Kc1 Kd7 24. Kb2 Bc4 25. Bxh7 Rh8 26. Bg6 Ra5 27.
Bh5 Rb5+ 28. Kc1 Ne2+ 29. Kd1 Nxf4 30. Bxf4 0-1